| 000 | 00542nam a2200205 a 4500 | ||
|---|---|---|---|
| 001 | 0000423 | ||
| 003 | DO-SdBNP | ||
| 005 | 20160620100246.0 | ||
| 007 | 0000423 | ||
| 008 | 091125s20uu dr a 000 0 spa d | ||
| 040 |
_aBPMSU _bspa _cBPMSU |
||
| 100 | 1 | _aThen Cruz, Nelson | |
| 245 | 1 | 0 |
_aPintapoesia / _cNelson Then Cruz ; ilustración Lenín Paulino |
| 260 |
_a[Santo Domingo] : _bsn, _c[201-?]. |
||
| 300 |
_a37 p. : _bil. _c27 cm. |
||
| 700 |
_aPaulino, Lenín _eil. |
||
| 910 | _a | ||
| 942 |
_2ddc _cBK |
||
| 956 |
_aYngrid Lockward _b10 |
||
| 999 |
_c10436 _d10436 |
||